书目信息 |
| 题名: |
环保管家工作技术手册
|
|
| 作者: | 黄磊 , 汤瑶 , 张德强 主编 | |
| 分册: | ||
| 出版信息: | 北京 化学工业出版社 2020.02 |
|
| 页数: | 181页 | |
| 开本: | 24cm | |
| 丛书名: | ||
| 单 册: | ||
| 中图分类: | X321.2-62 | |
| 科图分类: | ||
| 主题词: | 环境保护--huan jing bao hu--环境管理--中国--技术手册 | |
| 电子资源: | ||
| ISBN: | 978-7-122-34810-4 | |
| 000 | 01382nam0 2200265 450 | |
| 001 | 96148 | |
| 005 | 20250911180825.99 | |
| 010 | @a978-7-122-34810-4@dCNY68.00 | |
| 100 | @a20200103d2020 em y0chiy50 ea | |
| 101 | 0 | @achi |
| 102 | @aCN@b110000 | |
| 105 | @aa a 000yy | |
| 106 | @ar | |
| 200 | 1 | @a环保管家工作技术手册@Ahuan bao guan jia gong zuo ji shu shou ce@f黄磊, 汤瑶, 张德强主编 |
| 210 | @a北京@c化学工业出版社@d2020.02 | |
| 215 | @a181页@c图@d24cm | |
| 320 | @a有书目 | |
| 330 | @a本书分为五篇、十六章。第一篇概念篇, 介绍了环保管家的概念、内涵、服务对象、作用、服务范围、工作程序以及服务内容。第二篇常规服务篇, 介绍了开展排污许可申领服务、环境监理服务以及建设项目竣工环境保护验收服务的相关要求、方法和工作内容。第三篇定制服务篇, 介绍了开展环境影响评价服务、环境风险评价服务、突发环境事件应急预案服务、污染场地环境修复服务以及环境污染治理服务的工作程序和技术方法。第四篇延伸服务篇, 介绍了开展清洁生产审核服务、企业能源审计服务、企业环境信用评价服务、企业环境报告书编制服务以及环境认证服务的工作要求和内容。第五篇案例篇, 介绍了两项已完成的某街道以及某开发区环保管家服务案例。 | |
| 606 | 0 | @a环境保护@Ahuan jing bao hu@x环境管理@y中国@j技术手册 |
| 690 | @aX321.2-62@v5 | |
| 701 | 0 | @a黄磊@Ahuang lei@4主编 |
| 701 | 0 | @a汤瑶@Atang yao@4主编 |
| 701 | 0 | @a张德强@Azhang de qiang@4主编 |
| 801 | 0 | @aCN@c20250909 |
| 905 | @a河南城建学院图书馆@dX321.2-62@eH853@f3 | |
| 环保管家工作技术手册/黄磊, 汤瑶, 张德强主编.-北京:化学工业出版社,2020.02 |
| 181页:图;24cm |
| ISBN 978-7-122-34810-4:CNY68.00 |
| 本书分为五篇、十六章。第一篇概念篇, 介绍了环保管家的概念、内涵、服务对象、作用、服务范围、工作程序以及服务内容。第二篇常规服务篇, 介绍了开展排污许可申领服务、环境监理服务以及建设项目竣工环境保护验收服务的相关要求、方法和工作内容。第三篇定制服务篇, 介绍了开展环境影响评价服务、环境风险评价服务、突发环境事件应急预案服务、污染场地环境修复服务以及环境污染治理服务的工作程序和技术方法。第四篇延伸服务篇, 介绍了开展清洁生产审核服务、企业能源审计服务、企业环境信用评价服务、企业环境报告书编制服务以及环境认证服务的工作要求和内容。第五篇案例篇, 介绍了两项已完成的某街道以及某开发区环保管家服务案例。 |
| ● |
| 相关链接 |
|
|
|
正题名:环保管家工作技术手册
索取号:X321.2-62/H853
 
预约/预借
| 序号 | 登录号 | 条形码 | 馆藏地/架位号 | 状态 | 备注 |
| 1 | 1630353 | 216303532 | 自科库501/501自科库 66排1列4层/ [索取号:X321.2-62/H853] | 在馆 | |
| 2 | 1630354 | 216303541 | 自科库501/501自科库 66排1列4层/ [索取号:X321.2-62/H853] | 在馆 | |
| 3 | 1630355 | 216303550 | 自科库501/501自科库 66排1列4层/ [索取号:X321.2-62/H853] | 在馆 |